| 000 | 00859nam a2200253 a 4500 | ||
|---|---|---|---|
| 001 | BRL_1160 | ||
| 005 | 20190320211048.0 | ||
| 008 | 201113s1838----gw-#######---#000-0#ger-# | ||
| 041 | _ager | ||
| 044 | _agw | ||
| 050 | 4 |
_aML50.G711 _b.G68 1838 |
|
| 100 | 1 |
_aGounod, Charles _d1818-1893 _925971 |
|
| 245 | 1 | 0 |
_aMargarete (Faust) Oper in fünf Akten _cNach Goethe von Jules Barbier und Michel Carré. Deutsche Übersetzung von J. Behr; Musik con CH. Gounod |
| 260 |
_aBerlin _bEd. Bote & G. Book _c1838 |
||
| 300 |
_a75 p. _c18 cm. |
||
| 500 | _aAu1368 | ||
| 500 | _aEstado físico: Desprendimiento de hojas y falta la pasta de adelante. | ||
| 650 | 1 | 4 |
_aOpera _923436 |
| 650 | 1 | 4 |
_aLibretos para operas _923437 |
| 700 | 1 |
_aBarbier, Jules _d1825-1901 _tFaust _925972 |
|
| 700 | 1 |
_aCarré, Michel _d1819-1872 _tFaust _925973 |
|
| 902 | _aGRL | ||
| 942 |
_2lcc _cB |
||
| 999 |
_c9972 _d9972 |
||